Wagner: su vida y su obra

Sparad:
Bibliografiska uppgifter
Huvudupphovsman: Jacobs, Robert L (Författare, medförfattare)
Materialtyp: Bok
Språk:spanska
Publicerad: Buenos Aires Anaconda 1951
Serie:Colección Los Grandes Músicos
Ämnen:
Taggar: Lägg till en tagg
Inga taggar, Lägg till första taggen!

MARC

LEADER 00000nam a2200000 a 4500
001 UCN2392
003 CL-VaPUC
008 010518e19510000AG |||||||||||||||||spa|d
082 0 4 |a 780.92  |b JAC  |2 21 
100 |a Jacobs, Robert L  |e author  |9 458742 
245 1 0 |a Wagner: su vida y su obra 
300 |a 171 p 
942 |c BK 
945 |d 20010518 00:00:00  |a crobeson 
260 |a Buenos Aires  |b Anaconda  |c 1951 
600 0 |a Wagner, Wilhelm Richard  |9 265759 
650 0 |a Compositores alemanes  |9 324765 
650 0 |a Ópera alemana  |9 306436 
650 0 |a Romanticismo en la música  |9 306753 
650 7 |a MUSICA SIGLO 19  |2 CL-VaPUC  |9 458204 
583 |a last modification  |c 20010518 00:00:00  |k Rodrigo Vera 
490 0 |a Colección Los Grandes Músicos 
999 |c 295495  |d 295493 
952 |0 0  |1 0  |4 0  |6 780_920000000000000_JAC_1951  |7 0  |8 A  |9 348722  |a BIBEDU  |b BIBEDU  |d 2019-11-20  |i 1183109  |o 780.92 JAC 1951  |p 1183109  |r 2023-01-12  |w 2019-11-20  |y BK  |k MUS